000
00326nam a2200133Ia 4500
008
200103s9999||||xx |||||||||||||| ||und||
040
_a
IMU-MPC
082
_a
Column-49
100
_a
Scroggie, M. G.
245
0
_a
Principles of Semiconductors
260
_b
Iliffe Books Ltd., London
_c
1961
300
_a
viii, 156
942
_c
BK
999
_c
9665
_d
9665